| 000 | 00331nam a22001337a 4500 | ||
|---|---|---|---|
| 008 | 230627b xxu||||| |||| 00| 0 eng d | ||
| 020 | _a0714651311 | ||
| 082 |
_a338.9 _bJDS 2000 |
||
| 245 | _aThe Journal of Development Studies | ||
| 260 |
_aUK _bFrank Cass Publishers _c2000 |
||
| 300 | _a183p | ||
| 440 |
_n6 _v36 |
||
| 942 |
_2ddc _cBK |
||
| 999 |
_c2868 _d2868 |
||